01210cam a22002771 4500001001300000003000400013005001700017008004100034010001700075035002000092040004200112042001200154050002300166110006400189245024000253260008000493300001900573490005300592500004800645500010100693504002900794650002900823650003700852650002600889999001700915e 30000394 DLC20260227111220.0840406s1929 lau b s000 0 eng c ae 30000394  a(OCoLC)10603265 aU.S..Off. of educ. LibrarycDNIEdDLC apremarc00aL154b.B32 no. 1611 aLouisiana.bDepartment of Education.bHigh School Division.10aLouisiana high-school standards;bmanual of organization and administration.cPrepared by the High-school division of the state Department of education of Louisiana under the direction of Chas. F. Trudeau, state high-school supervisor. aBaton Rouge,bT.H. Harris, state superintendent of public educationc[1929] a207 p.c23 cm.0 aLouisiana. Dept. of education. Bulletinvno. 161 aAt head of title: State Dept. of Louisiana. a"Revised edition of the 1925 High-school course of study and manual of administration."--Introd. aIncludes bibliographies. 0aHigh schoolszLouisiana. 0aEducationzLouisianaxCurricula. 0aEducationzLouisiana. c21061d21061